100.000+ Städte in Baden-Württemberg (mit Karte) - Statistiken

Allgemein
  • Dieses Quiz wurde 78 mal gespielt
  • Das Durchschnittsergebnis liegt bei 8 aus 9
Antworten auf der Karte
Die Antworten werden auf der Karte rot bzw. grün angezeigt, abhängig davon wie oft sie richtig erraten wurden.
 
Antwortstatistiken
Einwohner Stadt % Korrekt
626.275 Stuttgart
99%
311.831 Mannheim
96%
306.502 Karlsruhe
94%
231.848 Freiburg im Breisgau
90%
159.245 Heidelberg
81%
126.949 Ulm
81%
125.613 Heilbronn
78%
125.529 Pforzheim
67%
116.456 Reutlingen
67%
Keine übereinstimmenden Quizze gefunden
Verteilung der Resultate
Anzahl Personen mit jedem Resultat
Perzentil nach korrekt beantworteten Fragen
Ihre Resultats-Entwicklung
Sie haben dieses Quiz noch nicht gespielt